Quizzes
Events
Quiz Creation
Community
Videos
Private Events
Remove Ads
Sign In
Join for FREE
Feedback
Dark Mode
Quiz Categories
Sports
Geography
Music
Movies
Television
Just For Fun
Miscellaneous
History
Literature
Language
Science
Gaming
Entertainment
Religion
Holiday
For Kids
Quiz Lab
Recent
Popular Today
Quiz Kudos Today
Editor Picks
Curator Picks
Quizzes by...
Day
Popularity
Type
Ratings
Length
Year
Community
Subscriptions
Recent Discussions
Orange Saloon
Badges
Playlists
Quests
Create
Leaderboards
Showdown
Live 5
Trivia Bingo
Activity
Puzzle Library
Sporcle Events
Private Events
Virtual Trivia
Globe League
Become a Host
Pub Owners
SporcleCon
Opinionation
Our Games
Videos
Blog
Mobile Apps
Partnerships
Remove Ads and Go Orange
Feedback
Television
TV Characters
TV Show
Sitcom
Network
Friends
Reality Shows
Cast
South Park
Star Trek
The Simpsons
Doctor Who
Television
TV Characters
TV Show
Sitcom
Network
Friends
Reality Shows
Cast
South Park
Star Trek
The Simpsons
Doctor Who
Random Quiz
Search Sporcle
×
Quiz Lab
Quiz Lab
Television
office
Type in answers that appear in a list
Type in answers that appear in a list
Classic
Best Score? Go Orange.
Office Trivia Experts Edition Stats
Can you name the Office Trivia
By
NedMcCann52500
4m
25 Questions
875 Plays
875 Plays
875 Plays
Comments
Comments
Give Quiz Kudos
Give Quiz Kudos
-
- Ratings
hide this ad
Replay
Link that replays current quiz
Next Quiz
Link to next quiz in quiz playlist
You Got
0%
They Got
Avg Score
54%
Avg Friend Score
Upgrade to see
Score Distribution
Jump to the score distribution portion of the page
Score
0/25
Timer
04:00
0
Plays Today
Office Question
Answer
% Correct
Who was Angela's favorite cat?
Sprinkles
93.5%
What candy does Kevin has at his desk?
M&M's
85.3%
What is David's toy idea called after he's fired?
suck it
80.5%
Who is Jan's assistant?
Hunter
79.2%
What is the name of Michael's movie?
Threat Level Midnight
70.6%
What is the exclusive club that Pam, Oscar, and Toby established?
Finer Things Club
67.5%
What is the local mall in the show?
Steamtown Mall
64%
What branch does Holly first work at?
Nashua
62.7%
What color does Angela think is 'hore-
ish'?
green
62.6%
What is the local bar in Scranton?
Poor Richards
59.4%
Who is Oscars ex-
boyfriend?
Gill
56.3%
Who is guilty in the murder mystery game?
Phyllis
55.9%
What does Dwight stop Michael from eating out in the wilderness?
mushrooms
55.8%
Office Question
Answer
% Correct
What does Erin throw at Andy on Secretary's Day?
cake
53.6%
Who is a kleptomaniac in the office?
Creed
53.5%
What does Andy want his co-
workers to call him when he gets back from anger management?
Drew
48.5%
Who's the receptionist when Pams at art school
Ronnie
47.1%
What does Jim use to make Dwight salivate?
altoids
44.9%
Whats the name of the television show that Michael was on as a child?
Fundle Bundle
42.7%
What color purse does Dwight buy?
black
41.1%
What is the name of Roy's brother?
Kenny
39.8%
What is the name of Darryl's ex-
wife?
Justine
31.4%
What is Michael's pin number?
YMCA
28.7%
Where does Jim tell Dwight they are going when he is concussed?
Chuck E Cheese
27.3%
What is Deangelo's middle name?
Jeremitrius
12%
Quiz Playlist
Details
Report
Send in Message
Add To Playlist
Classic:
Type in answers that appear in a list
Last Updated: Feb 16, 2017
Quiz Scoreboard
CHALLENGE
Sign Up to Join the Scoreboard
Show All
Scores
Hide
Comments
May contain spoilers
Recently Published
Billboard Blitz: Fleetwood Mac
by CooCooCachoo
Music
15s
Presidents Visiting Landmarks
by Hejman
History
7m
An Introduction to Baseball
by treessimontrees
Sports
5m
More to Explore
Quiz From the Vault
Featured Blog Post
Where Did the Easter Bunny Come From?
hide this ad
You Might Also Like...
Tags
office
Today's Top Quizzes in Television
Browse Television
hide this ad
Today's Top Quizzes in office
Browse office
Top Contributed Quizzes in Television
1
5-to-1: The Simpsons Families
2
5-to-1: Television Doctors
3
7-to-1: TV Show Settings
4
One Piece Logic Puzzle
5
5-to-1: Streaming Originals
6
Survivor Seasons
7
Survivor Logic Puzzle: Heroes vs. Villains
8
TV Shows by First Names
9
Survivor Season by Logo
10
Survivor Trivia
Explore More
Trending Topics
Harry Potter
Disney
Anime
Marvel
NBA
Kpop
Crossword
Song
NFL
Soccer
WWE
Puzzle
Country
The Office
Pokémon
hide this ad
More By:
NedMcCann52500
Quiz
Plays
Rating
Category
Featured
Created
Office Trivia Experts Edition
875
1.50
Television
Jun 21, 2014
NFL QB Alma Maters 2014
490
1.80
Sports
Jun 20, 2014
Go to Creator's Profile
Score Distribution
Quiz Creator Spotlight
NedMcCann52500
Follow
Send a Message
Quizzes Created
-
Created Quiz Play Count
-
More By This Creator
Popular Quizzes Today
1
Find the US States - No Outlines Minefield
2
Find the Countries of Europe - No Outlines Minefield
3
The Countries of the World
4
Find the US States
5
US States
6
Popular People in 1961
7
Risky Map Clicking: Biggest States A-Z
8
Movies - When Are They Set?
More Television Quizzes
'H' Television Characters
Published
Trending Quizzes
Risky Map Clicking: Least Populous States A-Z
1-10 Letter G Words
1-10 Letter F Words
Risky Map Clicking: Next State Alphabetically
Risky Map Clicking: Biggest States A-Z
Recently Updated
Leaping Animals
pecheneg
Reality TV Shows (A-Z)
bhenderson79
Rickey Henderson's Hall of Fame Teammates
pecheneg
Champions League XIs: Arsenal
pecheneg
Quick Pick: Celebrities in WWE's Hall of Fame
aduchscher
A-Z Keypad Blitz II
pecheneg
Multiple Oscar Actors
pecheneg
Mystery Phrase Blitz: Oscar 'Best Actors'
pecheneg
F. Scott Fitzgerald Novels
LTH
Pick 3 Villains
ddd62291
Trending Topics
Anime
Disney
Crossword
Kpop
NBA
Marvel
Harry Potter
Country
Soccer
NFL
The Office
Pokémon
WWE
Puzzle
Song
Your Account Isn't Verified!
In order to create a playlist on Sporcle, you need to verify the email address you used during registration. Go to your
Sporcle Settings
to finish the process.
Report this User
Report this user for behavior that violates our
Community Guidelines
.
Details:
Send Report
Go to the Sporcle.com Mobile Site →
Comments